10 Closest US Capitals to Vancouver Quiz Stats

Quiz Updated Oct 1, 2016

Challenge
Share
Tweet
Embed
Score 0/10 Timer 02:00
10 Plays Today
US Capital % Correct
Sacramento, CA
94.4%
Boise, ID
94.2%
Olympia, WA
92.5%
Salem, OR
91.2%
Helena, MT
90%
Salt Lake City, UT
84.7%
Carson City, NV
82.8%
Cheyenne, WY
82.8%
Bismarck, ND
71.4%
Juneau, AK
67.4%

You're not logged in!

Compare scores with friends on all Sporcle quizzes.
Sign Up with Email
OR
Log In

You Might Also Like...

Show Comments

Extras

Top Quizzes Today


Score Distribution

Your Account Isn't Verified!

In order to create a playlist on Sporcle, you need to verify the email address you used during registration. Go to your Sporcle Settings to finish the process.